| 000 | 00551pab a2200181 454500 | ||
|---|---|---|---|
| 008 | 180718b2013 xxu||||| |||| 00| 0 eng d | ||
| 100 | _aRanade, Ketki | ||
| 245 | _aConceptualising gay affirmative counselling practice in India: Building on local experiences of counselling with sexual minority clients | ||
| 260 | _c2013 | ||
| 300 | _ap.237-254. | ||
| 362 | _aApr | ||
| 650 | _aHomosexuality - India | ||
| 650 | _aHomosexuality | ||
| 700 | _aChakravarty, Shruti | ||
| 773 | _aIndian Journal of Social Work | ||
| 908 | _aN | ||
| 909 | _a102622 | ||
| 999 |
_c102620 _d102620 |
||